000 00751nam a2200205Ii 4500
003 JO-AjNU
008 230605s9999||||xx |||||||||||||| ||und||
040 _aJO-AjNU
_bara
_erda
_cJO-AjNU
041 _aara
050 1 4 _aPJ5125.Y8796 2000
100 3 _aتاليف يوسف، يوسف,
_eauthor
_920912
245 0 0 _aإلأغيار في الثقافة اليهودية: صورة العرب في الأدب اليهودي المعاصر
250 _aط1
264 3 1 _aدمشق: دار القلم، 2000
300 _a155ص
336 _atext
_btxt
_2rdacontent
337 _aunmediated
_bn
_2rdamedia
338 _avolume
_bnc
_2rdacarrier
650 4 _aالثقافة اليهودية - الادب اليهودي المعاصر - العرب
_920913
999 _aA7177
_c10745
_d10745